đź“– 150premiers mots"Quelqu'un pour qui trembler"Legardinier - Statistiques

Statistiques générales
  • Ce quiz a Ă©tĂ© pris 13 fois
  • Le rĂ©sultat moyen est 80 sur 150
Statistiques - réponses
Mots % Correct
Ă 
100%
Ambar
100%
au
100%
Cachemire,
100%
ce
100%
d'
100%
dans
100%
de
100%
des
100%
en
100%
et
100%
homme
100%
Il
100%
l'
100%
la
100%
le
100%
les
100%
Les
100%
ou
100%
que
100%
qui
100%
qui,
100%
s'
100%
se
100%
ses
100%
faisait
91%
jour,
91%
n'
91%
on
91%
par
91%
un
91%
une
91%
aux
82%
du
82%
femmes
82%
froid.
82%
pas
82%
pas ...
82%
peu
82%
pieds.
82%
grand
73%
leur
73%
nuit,
73%
petit
73%
Après
64%
avec
64%
cette
64%
eau
64%
Inde,
45%
soir
45%
nord-
36%
ouest
36%
pays.
36%
rien
36%
ceux
27%
chaque
27%
Ici,
27%
village
27%
Assis
18%
blanc
18%
chaleur
18%
commun
18%
étoiles.
18%
font
18%
Pourtant,
18%
confondre
9%
connaissait
9%
étirait
9%
finissaient
9%
flancs
9%
perdue
9%
puits,
9%
Shiva,
9%
Thomas
9%
vallée
9%
accrochées
0%
annonçaient
0%
ardente
0%
ascension,
0%
auraient
0%
autour
0%
bicoque.
0%
bienvenue.
0%
braise
0%
cabanes
0%
Certaines
0%
conversations
0%
corniche
0%
culinaire
0%
dédié
0%
dîner.
0%
dominant
0%
échapper
0%
éclats
0%
extrémité
0%
fastueux
0%
fer-
0%
fraîcheur
0%
fumées
0%
habitant,
0%
laissaient
0%
mêlées
0%
observait
0%
odorantes
0%
palais
0%
pentus
0%
plats
0%
préparatifs
0%
réputation
0%
rocheuse
0%
ruissellement
0%
savourait
0%
servis
0%
temple
0%
tintement
0%
ustensiles
0%
verse
0%
Aucun quiz correspondant
Distribution des résultats
% des personnes avec chaque résultat
Percentile par nombre de réponses
Votre historique - résultats
Vous n’avez pas pris ce quiz